Normal view
MARC view
Entry Personal Name
001 - CONTROL NUMBER
- control field: 167741
003 - CONTROL NUMBER IDENTIFIER
- control field: OSt
005 - DATE AND TIME OF LATEST TRANSACTION
- control field: 20220923224023.0
008 - FIXED-LENGTH DATA ELEMENTS
- fixed length control field: 220923|| aca||aabn | a|a d
040 ## - CATALOGING SOURCE
- Original cataloging agency: OSt
- Transcribing agency: OSt
100 ## - HEADING--PERSONAL NAME
- Personal name: एंगेल्स, फ्रेडरिख़; नरेश, 'नदीम', अनु
670 ## - SOURCE DATA FOUND
- Source citation: Work cat.: (OSt)368702: एंगेल्स, फ्रेडरिख़; नरेश, 'नदीम', अनु., आवास का प्रश्न, 2004
